1831 1014 1582 1955 1395 1590 1727 1205 1341 1138 1694 1700 1073 1255 1403 1877 1814 1486 1840 1984 1607 1077 1485 1053 1158 1813 1713 1013 1659 1965 1621 1295 1733 1831 1222 1808 1388 1163 1168 1700 1409 1178 1025 1908 1461 1745 1713 1516 1821 1017 1161 1873 1711 1422 1252 1206 1635 1784 1576 1344 1563 1118 1128 1722 1982 1993 1565 1691 1902 1156 1236 1816 1746 1531 1290 1358 1964 1129 1111 1041 1590 1234 1900 1432 1039 1956 1950 1146 1370 1018 1551 1512 1854 1606 1492 1056 1682 1238 1216 BCNSPRNW ULIB Ver.6.0+V

เปลี่ยนเป็นภาษาไทย

Change to English
 แสดงรายละเอียดบรรณานุกรม
  กลับหน้าหลัก

Brief Record : Get Marc (ISO 2709) : E-mail record : QR code < ปิดหน้าต่าง
LEADER : 00000nam 2200000uu 4500
001    13399113413
003     ULIB
008    020711s2553 th a 000 0 tha d
020    ^a9749747519341
099    ^aนว.ก759พ 2550
100    ^aเกตุวดี
245    ^aเพียงถ้าวันนั้น..ฉันจะไม่รักเธอ/^cเกตุวดี
250    ^aพิมพ์ครั้งที่ 1
260    ^aกรุงเทพฯ :^bร้านนครสาส์น,^c2550
300    ^a700 หน้า
710 1  ร้านนครสาส์น
945    ^p330^l0^i022006
995    ทศพร
999 ^a ^aวรรณษา ชูชัยมงคล
รายการนี้ยังไม่มีแท็ก
คุณยังไม่ได้ล็อกอิน คุณสามารถมีกิจกรรมร่วมกับเว็บไซต์ได้ แต่ต้องล็อกอินก่อน ::
  ล็อกอิน

รายการสื่อสารสนเทศ

ลำดับที่ ประเภท เลขเรียก/บาร์โค้ด สถานที่ สถานะ
1. นวนิยาย
นวนิยาย
นว.ก759พ 2550 ฉ.1 
  Barcode: 022006
ห้องสมุดวิทยาเขตสวรรค์ประชารักษ์
►นวนิยาย
บนชั้น
  ขอยืม

BibComment


ยังไม่เคยถูกคอมเมนท์

คอมเมนท์ทรัพยากรรายการนี้
  คอมเมนท์: เพียงถ้าวันนั้นฉ..


 Copyright 2026. Bcnsprnw @Library